|
|
|
|
| LEADER |
00000nam0a2200000 4500 |
| 001 |
32800 |
| 005 |
20231030205349.0 |
| 035 |
|
|
|a (RuTPU)RU\TPU\book\33102
|
| 035 |
|
|
|a BOOK00001191
|
| 090 |
|
|
|a 32800
|
| 100 |
|
|
|a 20011210d1978 k y0rusy50 ca
|
| 101 |
1 |
|
|a rus
|c eng
|
| 102 |
|
|
|a RU
|
| 105 |
|
|
|a а z 001zy
|
| 200 |
1 |
|
|a Теория графов
|e пер. с англ.
|f Н. Кристофидес
|
| 210 |
|
|
|a Москва
|c Мир
|d 1978
|
| 215 |
|
|
|a 432 с.
|c ил.
|
| 320 |
|
|
|a Библиогр.: с. 6.
|
| 320 |
|
|
|a Библиогр. в конце глав.
|
| 320 |
|
|
|a Предм. указ.: с. 427-429.
|
| 517 |
1 |
|
|a Алгоритмический подход
|
| 610 |
1 |
|
|a математика
|
| 610 |
1 |
|
|a графы
|
| 610 |
1 |
|
|a решение на вычислительных машинах
|
| 610 |
1 |
|
|a задачи
|
| 610 |
1 |
|
|a достижимость
|
| 610 |
1 |
|
|a связность
|
| 610 |
1 |
|
|a раскраски
|
| 610 |
1 |
|
|a размещение
|
| 610 |
1 |
|
|a деревья
|
| 610 |
1 |
|
|a циклы
|
| 610 |
1 |
|
|a разрезы
|
| 610 |
1 |
|
|a задачи Эйлера
|
| 610 |
1 |
|
|a гамильтоновы циклы
|
| 610 |
1 |
|
|a цепи
|
| 610 |
1 |
|
|a потоки
|
| 610 |
1 |
|
|a сети
|
| 610 |
1 |
|
|a паросочетания
|
| 610 |
1 |
|
|a транспортная задача
|
| 610 |
1 |
|
|a теория
|
| 675 |
|
|
|a 519.17
|v 3
|
| 700 |
|
1 |
|a Кристофидес
|b Н.
|g Никос
|
| 801 |
|
0 |
|a RU
|b 63413507
|c 20011210
|g PSBO
|
| 801 |
|
2 |
|a RU
|b 63413507
|c 20131014
|g PSBO
|
| 900 |
|
|
|a Дискретная математика
|
| 900 |
|
|
|a Структуры и алгоритмы обработки данных
|
| 942 |
|
|
|c BK
|